LEADER 01282nam a2200265 i 4500 001 000000137374 003 CaOOAMICUS 005 20061017000000.0 008 061017s1976 it u000 u ita u 013 $a111149 040 $aSeMil$bita 100 1 $aBoff, Leonardo,$d<1938- >.$0(OLS)http://semarc/name/90426 240 10$aVida religiosa no processo de libertaçâo : Um ensaio a partir da periferia.$0(OLS)http://semarc/title/200713 245 10$aVita religiosa e liberazione :$bun'esperienza incominciata in periferia /$cLeonardo Boff ; Traduzione dal brasiliano di Maria Pia Angeloni. 260 $aBrescia :$bQueriniana,$c1976. 300 $a131 p. :$bill. ;$c20 cm. 490 0 $aQuaderni di vita religiosa ;$v13 650 4$aVita religiosa.$0(OLS)http://semarc/subject/5429 700 1 $aAngeloni, Maria Pia.$0(OLS)http://semarc/name/18647 830 0$aQuaderni di vita religiosa [Queriniana] ;$v13.$0(OLS)http://semarc/title/17483 850 $aSeMil 852 $aSeMil$W1$xVenegono$y1$m3G II 253$j90920$B90920$CSeMilBibl$Z2$F117230 $81 961 $aRecupero: Altro 996 $6245$aVita religiosa e liberazione :$bun'esperienza incominciata in periferia$9(OLS)http://semarc/title/200712 996 $6260$aBrescia :$bQueriniana$9(OLS)http://semarc/publisher/29615 LEADER 00998nam a2200205 i 4500 001 000000243441 003 CaOOAMICUS 005 20150703000000.0 008 150703s1889 it u000 u ita u 013 $a222346 040 $aSeMil$bita 100 1 $aArosio, Luigi.$0(OLS)http://semarc/name/13699 245 13$aLa dottrina dell'evangelo nel triplice suo aspetto, dommatico, morale e della grazia, con brevi commenti /$cdel sac. Luigi Arosio. 260 $aMilano :$bL. F. Cogliati,$c1889. 300 $aXXIIIJ, 677 p. ;$c23 cm. 650 4$aBibbia. Nuovo Testamento. Vangeli - Commentari, studi, critica, interpretazioni.$0(OLS)http://semarc/subject/537 850 $aSeMil 852 $aSeMil$W1$xVenegono$y1$m3F IV 142 FA$j193787$B193787$CSeMilBibl$Z2$F204491 $8I 996 $6245$aLa dottrina dell'evangelo nel triplice suo aspetto, dommatico, morale e della grazia, con brevi commenti$9(OLS)http://semarc/title/345304 996 $6260$aMilano :$bL. F. Cogliati$9(OLS)http://semarc/publisher/29949